Εισαγωγή εις την Επαγγελματικήν Εκπαίδευσιν (Record no. 4336)
[ view plain ]
| 000 -LEADER | |
|---|---|
| fixed length control field | 01602cam a22001814a 4500 |
| 005 - ΗΜΕΡΟΜΗΝΙΑ ΚΑΙ ΩΡΑ ΤΕΛΕΥΤΑΙΑΣ ΕΝΗΜΕΡΩΣΗΣ | |
| Πεδίο ελέγχου | 20250605164143.0 |
| 008 - FIXED-LENGTH DATA ELEMENTS--GENERAL INFORMATION | |
| Πεδίο ελέγχου σταθερού μήκους | 250528s ||||||||||||||||||||||||d |
| 035 ## - SYSTEM CONTROL NUMBER | |
| System control number | 19052 |
| 040 ## - ΠΗΓΗ ΚΑΤΑΛΟΓΟΓΡΑΦΗΣΗΣ | |
| Φορέας πρωτότυπης καταλογογράφησης | MC Athens Campus Library |
| Γλώσσα καταλογογράφησης | Ελληνικά, Μοντέρνα (1453-) |
| Modifying agency | MC Athens Campus Library |
| Κανόνες περιγραφικής καταλογογράφησης | AACR2 |
| 245 1# - ΤΙΤΛΟΣ ΚΑΙ ΔΗΛΩΣΗ ΥΠΕΥΘΥΝΟΤΗΤΑΣ | |
| Τίτλος | Εισαγωγή εις την Επαγγελματικήν Εκπαίδευσιν |
| 260 ## - PUBLICATION, DISTRIBUTION, ETC. | |
| Name of publisher, distributor, etc. | Σχολή Εκπαιδευτικών Λειτουργών Εκπαιδεύσεως, |
| Date of publication, distribution, etc. | 1973 |
| 300 ## - PHYSICAL DESCRIPTION | |
| Extent | 264 |
| 520 ## - SUMMARY, ETC. | |
| Summary, etc. | Έννοια και Περιεχόμενον της Επαγγελματικής Εκπαιδεύσεως, Ιστορική Εξέλιξις της Επαγγελματικής Εκπαιδεύσεως, Υφιστάμενη Κατάστασις Εκπαιδεύσεως, Διάρθρωσις Επαγγελματικής Εκπαιδεύσεως, Δραστηριότητες των Επί Μέρους Φορέων Επαγγελματικής Εκπαιδεύσεως, Φορείς Δημόσιας Επαγγελματικής Εκπαιδεύσεως, Υπουργείον Απασχολήσεως, Υπουργείον Γεωργίας, Ισχύουσα Νομοθεσία Επαγγελματικής Εκπαιδεύσεως, Βασικά ή Προεδρικά Διατάγματα, Αρχαί Επαγγελματικής Εκπαιδεύσεως, Οργάνωσις Επαγγελματικής Εκπαιδεύσεως, Δυσχέρεια και Προβλήματα Επαγγελματικής Εκπαιδεύσεως. |
| 700 1# - ΠΡΟΣΘΕΤΗ ΑΝΑΓΡΑΦΗ--ΦΥΣΙΚΟ ΠΡΟΣΩΠΟ | |
| Personal name | Ζάχαρης Ευστάθιος Αθ |
| 9 (RLIN) | 5320 |
| 942 ## - ADDED ENTRY ELEMENTS (KOHA) | |
| Koha item type | Books |
| Τύπος τεκμηρίου | Βιβλιοθήκη | Τρέχουσα τοποθεσία | Barcode | Αριθμός εισαγωγής | Ημερομηνία απόκτησης | Ταξιθετικό σύμβολο | Αριθμός αντιτύπου | Κατάσταση απόσυρσης | Κατάσταση χαμένου | Κατάσταση κατεστραμμένου | Μη δανεισμός | Σύνολο δανεισμών | Ημερομηνία τελευταίας εμφάνισης | Η τιμή ισχύει από |
|---|---|---|---|---|---|---|---|---|---|---|---|---|---|---|
| Books | MC Athens Campus Library | MC Athens Campus Library | 9780000043351 | 3989 | 05/06/2025 | 370 ZAH | 1 | 05/06/2025 | 05/06/2025 |